Statistics for Fill the World Map by Name and Capital

Click here to take the quiz!

General Stats

  • This quiz has been taken 18 times
  • The average score is 125 of 196

Answers on the Map

Answers color-coded by a green-red scale on the quiz's map according to % correct below.
 

Answer Stats

Answer% Correct
France, Paris
100%
Italy, Rome
88%
Poland, Warsaw
88%
Russia, Moscow
88%
Albania, Tirana
82%
Andorra, Andorra la Vella
82%
Austria, Vienna
82%
Belarus, Minsk
82%
Bosnia and Herzegovina, Sarajevo
82%
Bulgaria, Sofia
82%
China, Beijing
82%
Croatia, Zagreb
82%
Cyprus, Nicosia
82%
Czech Republic, Prague
82%
Denmark, Copenhagen
82%
Finland, Helsinki
82%
Germany, Berlin
82%
Greece, Athens
82%
Hungary, Budapest
82%
India, New Delhi
82%
Ireland, Dublin
82%
Japan, Tokyo
82%
Kosovo, Pristina
82%
Kuwait, Kuwait City
82%
Latvia, Riga
82%
Lithuania, Vilnius
82%
Malta, Valletta
82%
Moldova, Chisinau
82%
Monaco, Monaco
82%
Mongolia, Ulaanbaatar
82%
Montenegro, Podgorica
82%
Nepal, Kathmandu
82%
Netherlands, Amsterdam
82%
North Macedonia, Skopje
82%
Norway, Oslo
82%
Portugal, Lisbon
82%
Romania, Bucharest
82%
Serbia, Belgrade
82%
Slovakia, Bratislava
82%
South Korea, Seoul
82%
Spain, Madrid
82%
Sweden, Stockholm
82%
Switzerland, Bern
82%
Syria, Damascus
82%
Turkey, Ankara
82%
Ukraine, Kiev
82%
United Arab Emirates, Abu Dhabi
82%
United Kingdom, London
82%
USA, Washington
82%
Afghanistan, Kabul
76%
Argentina, Buenos Aires
76%
Armenia, Yerevan
76%
Belgium, Brussels
76%
Brazil, Brasilia
76%
Canada, Ottawa
76%
Chile, Santiago
76%
Colombia, Bogota
76%
Egypt, Cairo
76%
Guatemala, Guatemala City
76%
Iceland, Reykjavik
76%
Iran, Tehran
76%
Iraq, Baghdad
76%
Israel, Jerusalem
76%
Jordan, Amman
76%
Kazakhstan, Nur-Sultan
76%
Liechtenstein, Vaduz
76%
Luxembourg, Luxembourg
76%
Mexico, Mexico City
76%
North Korea, Pyongyang
76%
Oman, Muscat
76%
Pakistan, Islamabad
76%
Panama, Panama City
76%
Peru, Lima
76%
Philippines, Manila
76%
Qatar, Doha
76%
San Marino, San Marino
76%
Saudi Arabia, Riyadh
76%
Thailand, Bangkok
76%
Tunisia, Tunis
76%
Vatican, Vatican City
76%
Algeria, Algiers
71%
Australia, Canberra
71%
Azerbaijan, Baku
71%
Bangladesh, Dhaka
71%
Bolivia, La Paz
71%
Cuba, Havana
71%
Ecuador, Quito
71%
Estonia, Tallinn
71%
Georgia, Tbilisi
71%
Indonesia, Jakarta
71%
Kenya, Nairobi
71%
Lebanon, Beirut
71%
Morocco, Rabat
71%
New Zealand, Wellington
71%
Slovenia, Ljubljana
71%
South Africa, Pretoria
71%
Uruguay, Montevideo
71%
Uzbekistan, Tashkent
71%
Venezuela, Caracas
71%
Vietnam, Hanoi
71%
Yemen, Sana'a
71%
Costa Rica, San Jose
65%
El Salvador, San Salvador
65%
Guyana, Georgetown
65%
Libya, Tripoli
65%
Malaysia, Kuala Lumpur
65%
Maldives, Male
65%
Paraguay, Asuncion
65%
Singapore, Singapore
65%
Suriname, Paramaribo
65%
Taiwan, Taipei
65%
Angola, Luanda
59%
Bahrain, Manama
59%
Bhutan, Thimphu
59%
Djibouti, Djibouti
59%
Ethiopia, Addis Ababa
59%
Haiti, Port au Prince
59%
Jamaica, Kingston
59%
Madagascar, Antananarivo
59%
Namibia, Windhoek
59%
Senegal, Dakar
59%
Somalia, Mogadishu
59%
Sudan, Khartoum
59%
Antigua and Barbuda, Saint John's
53%
Bahamas, Nassau
53%
Chad, N'Djamena
53%
Democratic Republic of the Congo, Kinshasa
53%
Dominican Republic, Santo Domingo
53%
East Timor, Dili
53%
Fiji, Suva
53%
Ghana, Accra
53%
Guinea-Bissau, Bissau
53%
Honduras, Tegucigalpa
53%
Kyrgyzstan, Bishkek
53%
Liberia, Monrovia
53%
Nicaragua, Managua
53%
Nigeria, Abuja
53%
Papua New Guinea, Port Moresby
53%
Republic of the Congo, Brazzaville
53%
Samoa, Apia
53%
Sao Tome and Principe, Sao Tome
53%
Trinidad and Tobago, Port of Spain
53%
Zambia, Lusaka
53%
Zimbabwe, Harare
53%
Barbados, Bridgetown
47%
Belize, Belmopan
47%
Brunei, Bandar Seri Begawan
47%
Burkina Faso, Ouagadougou
47%
Eritrea, Asmara
47%
Laos, Vientiane
47%
Mali, Bamako
47%
Mozambique, Maputo
47%
Saint Lucia, Castries
47%
Saint Vincent and the Grenadines, Kingstown
47%
Sierra Leone, Freetown
47%
South Sudan, Juba
47%
Tajikistan, Dushanbe
47%
Tanzania, Dodoma
47%
Turkmenistan, Ashgabat
47%
Uganda, Kampala
47%
Botswana, Gaborone
41%
Cambodia, Phnom Penh
41%
Cameroon, Yaounde
41%
Central African Republic, Bangui
41%
Lesotho, Maseru
41%
Malawi, Lilongwe
41%
Marshall Islands, Majuro
41%
Mauritania, Nouakchott
41%
Myanmar, Naypyidaw
41%
Niger, Niamey
41%
Rwanda, Kigali
41%
Saint Kitts and Nevis, Basseterre
41%
Solomon Islands, Honiara
41%
Sri Lanka, Sri Jayawardenapura Kotte
41%
Togo, Lome
41%
Tonga, Nuku'alofa
41%
Vanuatu, Port Vila
41%
Benin, Porto Novo
35%
Burundi, Gitega
35%
Cape Verde, Praia
35%
Comoros, Moroni
35%
Micronesia, Palikir
35%
Eswatini, Mbabana
35%
Gabon, Libreville
35%
Gambia, Banjul
35%
Grenada, Saint George's
35%
Guinea, Conakry
35%
Kiribati, South Tarawa
35%
Mauritius, Port Louis
35%
Nauru, Yaren
35%
Palau, Ngerulmud
35%
Seychelles, Victoria
35%
Tuvalu, Funafuti
35%
Côte d'Ivoire, Yamoussoukro
29%
Dominica, Roseau
29%
Equatorial Guinea, Malabo
29%

Score Distribution

Percentile by Number Answered

Percent of People with Each Score

Your Score History

You have not taken this quiz